Landlocked countries-sudden death - Statistics

General Stats
  • This quiz has been taken 34 times
  • The average score is 10 of 12
Answers on the Grid
Answers color-coded by a green-red scale on the quiz's grid according to % correct below.
Malawi
Bhutan
Russia
Vatican city
Ukraine
Nepal
Bolivia
Canada
Chad
D.R congo
Paraguay
F.N micronesia
Kiribati
Austria
Kosovo
São tomé and principé
Kazakhstan
Pakistan
India
Yemen
Egypt
San marino
Lesotho
East timor
 
Answer Stats
Answer % Correct
Kosovo
93%
Nepal
93%
Vatican city
93%
Bolivia
90%
Paraguay
90%
Austria
87%
Bhutan
87%
Lesotho
87%
San marino
87%
Chad
80%
Kazakhstan
80%
Malawi
73%
No matching quizzes found
Score Distribution
Percent of People with Each Score
Percentile by Number Answered
Your Score History
You have not taken this quiz